000 01713nam a2200253Ia 4500
008 260220t2006||||xx |||||||||||||| ||spa||
020 _a8448606426
040 _aPY-SlUNAC
_bspa
_erda
041 _aspa
082 _a574.192
_bB615b
245 0 _aBioquímica y biología molecular
250 _aTercera edición
264 _aMadrid :
_bMcGraw-Hill,
_c℗2006.
300 _a1 volumen
520 _aEl libro "Bioquímica y biología molecular", publicado por McGraw-Hill en 2006, ofrece una exploración exhaustiva de los principios fundamentales que rigen la bioquímica y la biología molecular. A lo largo de sus capítulos, se abordan temas esenciales como la estructura y función de biomoléculas, el metabolismo celular, la genética y la biología molecular, así como su interrelación con procesos biológicos en organismos vivos. El texto se caracteriza por una presentación didáctica, que incluye ilustraciones, ejemplos prácticos y preguntas de repaso, facilitando así la comprensión de conceptos complejos. Además, se discuten aplicaciones biotecnológicas y avances en la investigación que impactan la medicina y la biología. Este libro se convierte en una herramienta valiosa tanto para estudiantes como para profesionales en el campo de las ciencias biomédicas, proporcionando una base sólida para el entendimiento de los mecanismos bioquímicos subyacentes a la vida y su influencia en la salud y enfermedad.
653 _aBiología molecular
653 _aBioquímica
653 _aCiencias de la vida
942 _b2026/02/17
_cBK
999 _c8128
_d8128